Extraterrestrials, Monsters & Robots Quiz Stats

 Plays Quiz not verified by Sporcle

Score 0/15 Timer 03:00
0 Plays Today
Hint TV Show % Correct
Sesame Street
95.4%
Alf
92.6%
The Jetsons
90.1%
Futurama
87.7%
Mork & Mindy
87.7%
The Munsters
86.8%
3rd Rock From The Sun
77.9%
Lost in Space
71.1%
Hint TV Show % Correct
Tales from the Crypt
67.1%
Star Trek
66.9%
Saturday Night Live
57.8%
My Favorite Martian
44.2%
Small Wonder
25.5%
Get Smart
18.2%
Sigmund and the Sea Monsters
13%

You're not logged in!

Compare scores with friends on all Sporcle quizzes.
OR
Log In

Show Comments

Extras

Top Quizzes Today


Score Distribution

Your Account Isn't Verified!

In order to create a playlist on Sporcle, you need to verify the email address you used during registration. Go to your Sporcle Settings to finish the process.

Report this User

Report this user for behavior that violates our Community Guidelines.

Details: